Statistics for State Borders that are water

Click here to take the quiz!

General Stats

  • This quiz has been taken 7 times
    (5 since last reset)
  • The average score is 36 of 95

Answer Stats

RiverStates% Correct
Connecticut RiverConnecticut Massachusetts
75%
Byram RiverConnecticut New York
75%
Chattahoochee RiverFlorida Georgia
75%
St Mary's RiverFlorida Georgia
75%
Mississippi RiverKentucky Missouri
75%
Salmon Falls RiverMaine New Hampshire
75%
Piscataqua RiverMaine New Hampshire
75%
Potomac RiverMaryland Virginia
75%
Pocomoke RiverMaryland Virginia
75%
Runnins RiverMassachusetts Rhode Island
75%
Connecticut RiverNew Hampshire Vermont
75%
Hudson RiverNew Jersey New York
75%
Arthur KillNew Jersey New York
75%
Delaware RiverNew York Pennsylvania
75%
Poultney RiverNew York Vermont
75%
Lake ChamplainNew York Vermont
75%
New RiverVirginia West Virginia
75%
Tug ForkVirginia West Virginia
75%
Chattahoochee RiverAlabama Georgia
50%
TennesseeAlabama Tennessee
50%
Colorado RiverArizona California
50%
Mississippi RiverArkansas Tennessee
50%
Pawcatuck RiverConnecticut Rhode Island
50%
Savannah RiverGeorgia South Carolina
50%
Wabash RiverIllinois Indiana
50%
Mississippi RiverIllinois Iowa
50%
Mississippi RiverIllinois Missouri
50%
Tennessee RiverKentucky Tennessee
50%
Pearl RiverLouisiana Mississippi
50%
Mississippi RiverLouisiana Mississippi
50%
Potomac RiverMaryland West Virginia
50%
Delaware RiverNew Jersey Pennsylvania
50%
Catawba RiverNorth Carolina South Carolina
50%
Little Tennessee RiverNorth Carolina Tennessee
50%
Blackwater RiverNorth Carolina Virginia
50%
Red RiverOklahoma Texas
50%
Columbia RiverOregon Washington
50%
Perdido RiverAlabama Florida
25%
Tennessee RiverAlabama Mississippi
25%
Colorado RiverArizona Baja California
25%
Colorado RiverArizona Nevada
25%
Mississippi RiverArkansas Mississippi
25%
St Francis RiverArkansas Missouri
25%
Red RiverArkansas Texas
25%
Rio GrandeChihuahua Texas
25%
Rio GrandeCoahuila Texas
25%
Snake RiverIdaho Oregon
25%
Snake RiverIdaho Washington
25%
Ohio RiverIllinois Kentucky
25%
Lake MichiganIllinois Michigan
25%
Ohio RiverIndiana Kentucky
25%
Des Moines RiverIowa Missouri
25%
Missouri RiverIowa Nebraska
25%
Big Sioux RiverIowa South Dakota
25%
Mississippi RiverIowa Wisconsin
25%
Missouri RiverKansas Missouri
25%
Ohio RiverKentucky Ohio
25%
Sabine RiverLouisiana Texas
25%
Kelly RapidsMaine Quebec
25%
St John RiverMaine Quebec
25%
Lake SuperiorMichigan Minnesota
25%
St Marys RiverMichigan Ontario
25%
Lake HuronMichigan Ontario
25%
St Clair RiverMichigan Ontario
25%
Lake St ClairMichigan Ontario
25%
Detroit RiverMichigan Ontario
25%
Lake ErieMichigan Ontario
25%
Montreal RiverMichigan Wisconsin
25%
Menominee RiverMichigan Wisconsin
25%
Red River of the NorthMinnesota North Dakota
25%
Pigeon RiverMinnesota Ontario
25%
Minnesota RiverMinnesota South Dakota
25%
Red River of the NorthMinnesota South Dakota
25%
Mississippi RiverMinnesota Wisconsin
25%
St LouisMinnesota Wisconsin
25%
Mississippi RiverMissouri Tennessee
25%
Missouri RiverNebraska South Dakota
25%
Rio GrandeNew Mexico Texas
25%
Lake OntarioNew York Ontario
25%
Lake ErieNew York Ontario
25%
St Lawrence RiverNew York Ontario
25%
Niagara RiverNew York Ontario
25%
St Lawrence RiverNew York Quebec
25%
Rio GrandeNuevo Leon Texas
25%
Lake ErieOhio Ontario
25%
Ohio RiverOhio West Virginia
25%
Lake ErieOntario Pennsylvania
25%
Rio GrandeTamaulipas
25%
Salmon RiverAlaska Yukon
0%
Poteau RiverArkansas Oklahoma
0%
St Croix RiverMaine New Brunswick
0%
St Francis RiverMaine New Brunswick
0%
St John RiverMaine New Brunswick
0%
Missouri RiverMissouri Nebraska
0%
Halls StreamNew Hampshire Quebec
0%

Score Distribution

Percentile by Number Answered

Percent of People with Each Score

Your Score History

You have not taken this quiz since the last reset